00451nam a22001457a 450000500170000000800410001702000140005804100140007208200140008610000390010024500590013926000510019830000310024965000250028020231026074038.0231026b |||||||| |||| 00| 0 eng d a409040657 aAfrikaans a347.6 LES aLessing, CS en Kuper, RlAfrikaans aVoorbeelde van Hofpleitstukke /cCS Lessing en R Kuper aDurban :bButterworth & Co. (Pty) Ltd, c1971 bxxx, 192 pages ;c26,3 cm. aLegal practice bLaw